International comparisons in human resource management

Saved in:
Bibliographic Details
Other Authors: Brewster, Chris (Editor), Tyson, S. (Shaun) (Editor)
Format: Book
Language:English
Published: London : Pitman, 1991
Subjects:
Tags: Add Tag
No Tags, Be the first to tag this record!

MARC

LEADER 00000nam a2200000 i 4500
001 1/55681
008 980427s1991 eng d
020 |a 0273033166 
035 |l 10027892 
040 |a GR-MY-UA  |b gre  |e aacr 
041 0 |a eng 
082 0 |a 658.3 
245 1 0 |a International comparisons in human resource management /  |c edited by: C. Brewster, S. Tyson 
260 |a London :   |b Pitman,   |c 1991 
300 |a 268 p. 
504 |a Includes index 
650 0 0 |a Personnel management. 
700 1 |a Brewster, Chris.  |4 edt 
700 1 |a Tyson, S.  |q (Shaun)  |4 edt 
852 |a INST  |b CHIOS  |e 19980427  |h 658.3 INT  |p 005200009520  |q 005200009520  |t BK  |y 0 
901 |a BIBL-1998-1 
909 |a Χ  |b 054376 
922 |a 2ΕΛΗ  |b 199803  |c ΤΔΕ  |d ΠΑΠΑΣΩΤΗΡΙΟΥ